=LDR 00000nam 2200000 4500 =001 INLIS000000000032586 =005 20250410024839 =035 ##$$a 0010-061300000032586 =008 250410################g##########0#ind## =041 ##$$a ind =082 ##$$a 028.5 =090 ##$$a 028.5, Jul k =100 ##$$a JULI, Indah =245 1#$$a Khadijah, bunda orang-orang beriman, Indah Juli ; penyunting, Dadan Ramadhan /$c , Indah Juli ; penyunting, Dadan Ramadhan =260 ##$$a Bandung :$b DAR! Mizan,$c 2009 =300 ##$$a 120 hlm : $b ilus ; $c 20 x 14 cm =650 #4$$a Bacaan kanak-kanak =700 #$$a Ramadhan, Dadan =850 ##$$a NBPNMAT =020 ##$$a 978-979-752-916-1 =084 ##$$a 028.5 JUL k =990 ##$$a 0001/BPAP-NTB/20142015 =990 ##$$a 21002360